000 00750na a2200265 4500
001 17729
003 MIRAKIL
005 20181213154939.0
008 161103b tu 000 0
035 _a17729
040 _aMilas
_btur
_cTR-AnCHP
041 _atur
082 _a331.823
_bT96t 1976
090 _a331.823 T96t 1976
100 _aTürk, İbrahim
245 _aTürkiye'de iş kazaları
_cİbrahim Türk
260 _a[y.y.]
_bTürkiye Gıda İş Sendikası
_c1976
300 _a477 s.
_c21 sm.
490 _aTürkiye Gıda İş Sendikası
_v2
504 _aKaynakça var.
650 _aİş sağlığı
_xDüzenlemeler
650 _aİş güvenliği
_xYasalar
650 _aÇalışma hayatı
_xİş kazaları
942 _2dcc
_cBKS
999 _c3669
_d3669